|
|
|
|
| LEADER |
00000nam a2200000Ii 4500 |
| 001 |
DIGSARGT0026 |
| 003 |
NyNyDIG |
| 008 |
231002s2018 sp a ob 000 0 spa d |
| 006 |
m o d |
| 007 |
cr ||||||||||| |
| 035 |
|
|
|a (OCoLC)1402839116
|
| 040 |
|
|
|a DGITA
|b eng
|e rda
|e pn
|c DGITA
|
| 020 |
|
|
|z 9788416900688
|
| 043 |
|
|
|a e-sp---
|
| 050 |
1 |
4 |
|a NA1309.V3 ebook
|
| 100 |
1 |
|
|a Torreño Calatayud, Mariano,
|d 1956-
|e author.
|
| 245 |
1 |
0 |
|a Neoclasicismo y academicismo en la arquitectura valenciana /
|c Mariano Torreño Calatayud.
|
| 264 |
|
1 |
|a [Valencia, España] :
|b Editorial Sargantana,
|c [2018]
|
| 300 |
|
|
|a 1 online resource :
|b illustrations.
|
| 336 |
|
|
|a text
|b txt
|2 rdacontent
|
| 337 |
|
|
|a computer
|b c
|2 rdamedia
|
| 338 |
|
|
|a online resource
|b cr
|2 rdacarrier
|
| 347 |
|
|
|a text file
|2 rdaft
|
| 347 |
|
|
|b PDF
|
| 504 |
|
|
|a Includes bibliographical references.
|
| 588 |
0 |
|
|a Online resource; title from PDF title page (Digitalia, viewed October 2, 2023)
|
| 650 |
|
0 |
|a Neoclassicism (Architecture)
|z Spain
|z Valencia (Region)
|
| 650 |
|
0 |
|a Architecture
|z Spain
|z Valencia (Region)
|x History
|y 18th century.
|
| 651 |
|
0 |
|a Valencia (Spain : Region)
|x Buildings, structures, etc.
|
| 791 |
2 |
|
|a Digitalia (Firm),
|e distributor.
|
| 793 |
0 |
|
|g Digitalia eBook Collection:
|a Editorial Sargantana
|
| 776 |
0 |
8 |
|i Print version:
|a Torreño Calatayud, Mariano, 1956-
|t Neoclasicismo y academicismo en la arquitectura valenciana.
|b Primera edición.
|d [Valencia, España] : Editorial Sargantana, [2018]
|z 9788416900688
|
| 856 |
4 |
0 |
|3 Digitalia Hispánica
|u https://www.digitaliapublishing.com/a/62674/
|
| 910 |
|
|
|a Premium collection: 2023
|